1113 1926 1926 1481 1984 1671 1430 1382 1272 1176 1243 1738 1700 1086 1155 1498 1533 1201 1807 1879 1632 1914 1956 1025 1873 1057 1721 1237 1681 1962 1586 1105 1884 1577 1990 1482 1004 1684 1692 1188 1912 1680 1040 1053 1241 1559 1475 1947 1971 1050 1980 1581 1928 1944 1975 1183 1377 1518 1781 1139 1586 1849 1362 1419 1318 1293 1000 1281 1138 1546 1357 1999 1593 1151 1087 1394 1989 1733 1037 1683 1621 1653 1850 1549 1159 1101 1825 1250 1616 1791 1693 1377 1427 1031 1261 1821 1690 1503 1407 BCNSPRNW ULIB Ver.6.0+V

เปลี่ยนเป็นภาษาไทย

Change to English
 แสดงรายละเอียดบรรณานุกรม
  กลับหน้าหลัก

Brief Record : Get Marc (ISO 2709) : E-mail record : QR code < ปิดหน้าต่าง
LEADER : 00000nas 2200000uu 4500
001    13399125915
003     ULIB
008    170927s2560||||th 000 0 tha d
022 0  ^a2673088X
245 00 ^aวารสารศูนย์อนามัยที่ 9/^bกรมอนามัย ศูนย์อนามัยที่ 9 นครราชสีมา^c2560
310    ^aรายสี่เดือน
850 ^a ULIB^bฉบับที่ 12 ปีที่ 28 ฉ.1 ;ฉบับที่ 11 ปีที่ 25 ฉ.1 ;ฉบับที่ 11 ปีที่ 26 ฉ.1 ;ฉบับที่ 12 ปีที่ 27 ฉ.1 ;ฉบับที่ 14 ปีที่ 35 ฉ.1 ;ฉบับที่ 36 ปีที่ 15 ฉ.1
945    ^p0^l0^i905050
945    ^p0^l0^i904648
945    ^p0^l0^i904810
945    ^p0^l0^i904909
945    ^p0^l0^i905653
945    ^p0^l0^i905724
999    ^aประนอม เกษจรัล
รายการนี้ยังไม่มีแท็ก
คุณยังไม่ได้ล็อกอิน คุณสามารถมีกิจกรรมร่วมกับเว็บไซต์ได้ แต่ต้องล็อกอินก่อน ::
  ล็อกอิน

รายการสื่อสารสนเทศ (วารสาร)

ดูแบบ: กล่อง รายการ
ARRIVED
ฉบับที่ 11 ปีที่ 25 ฉ.1
สถานที่: ห้องสมุดวิทยาเขตสวรรค์ประชารักษ์ >หนังสือพิมพ์
ARRIVED
ฉบับที่ 11 ปีที่ 26 ฉ.1
สถานที่: ห้องสมุดวิทยาเขตสวรรค์ประชารักษ์ >วารสาร
ARRIVED
ฉบับที่ 12 ปีที่ 27 ฉ.1
สถานที่: ห้องสมุดวิทยาเขตสวรรค์ประชารักษ์ >วารสาร
ARRIVED
ฉบับที่ 12 ปีที่ 28 ฉ.1
สถานที่: ห้องสมุดวิทยาเขตสวรรค์ประชารักษ์ >วารสาร
ARRIVED
ฉบับที่ 14 ปีที่ 35 ฉ.1
สถานที่: ห้องสมุดวิทยาเขตสวรรค์ประชารักษ์ >วารสาร
ARRIVED
ฉบับที่ 36 ปีที่ 15 ฉ.1
สถานที่: ห้องสมุดวิทยาเขตสวรรค์ประชารักษ์ >วารสาร

BibComment


ยังไม่เคยถูกคอมเมนท์

คอมเมนท์ทรัพยากรรายการนี้
  คอมเมนท์: วารสารศูนย์อนามั..


 Copyright 2026. Bcnsprnw @Library